| 000 | 00936 a2200229 4500 | ||
|---|---|---|---|
| 010 | _aENG-89281 | ||
| 020 |
_a8180280357 _c650.00 |
||
| 035 | _aEN-72814 | ||
| 037 | _bDBAD / PUB | ||
| 082 | 1 | 4 | _a390.095452 |
| 090 |
_c10690 _d10690 |
||
| 100 | _aNicholas, Ralph W | ||
| 245 | 1 |
_aRites of spring: _bGajan in village Bengal/ _cRallph W. Nicholas |
|
| 260 |
_aNew Dehli _bChronicle Books(DC publisher) _c2008 |
||
| 260 |
_aNew Delhi _bOrient Longman _c2008 |
||
| 270 |
_aS-7&8, Green Park Main Market _bNew Dehli _cDelhi _e110016 _mChronicle@dcpublishers.com |
||
| 300 |
_axii, 236 p _bb&w photos _c22 cm ( Hb.) |
||
| 500 | _aWith an essay on- Battle and self- sacrifice in a Bengali warrior's epic: Lausen's quest to be a raja in Dharma Mangal by David Curley | ||
| 700 | 1 | _aCurley, David | |
| 942 |
_adpl _cEN _k390.095452 / NIC |
||
| 999 |
_c10395 _d10395 |
||